000 00512cam a22002054a 4500
005 20250605164251.0
008 250528s ||||||||||||||||||||||||d
035 _a21729
020 _a9789605354770
040 _aGR-AtMCL
_bgre
_dGR-AtMCL
_eAACR2
245 1 _aΕΛΛΗΝΟΑΓΓΛΙΚΟ ΛΕΞΙΚΟ TODAY'S
250 _a1
260 _bΦυτρακης,
_c2006
300 _a800
700 1 _aΛαμπεα Αλικη
_97656
942 _cBK
999 _c6788
_d6788